Statistics for A-Z The Cold War

Click here to take the quiz!

General Stats

  • This quiz has been taken 55 times
  • The average score is 17 of 26

Answer Stats

LetterHintAnswer% Correct
BIt was built in order to prevent people from fleeing East Berlin.Berlin Wall
94%
CAn economic system based on government ownership and control of resources.Communism
92%
FLed the Cuban Revolution overthrowing Cuban President Batista in 1959.Fidel Castro
88%
MAn economic and political philosophy named after its author German philosopher Karl Marx.Marxism
86%
WAn alliance between the Soviet Union and other Eastern Europe communist nations.Warsaw Pact
86%
NIt is an alliance of democratic and western countries including much of Western Europe, Canada, and the United States.NATO
84%
RFamous for his economic policy called "Reaganomics" as well as for being a Hollywood movie star who became president.Ronald Reagan
84%
AA competition between the United States and the Soviet Union to manufacture the most nuclear weapons.Arms Race
82%
VA major conflict fought in Vietnam, Laos, and Cambodia.Vietnam War
82%
QBritish monarch on the throne during the Cold War.Queen Elizabeth II
80%
ISymbol used to describe the border between the communist and democratic countries of Europe.Iron Curtain
78%
UAn organisation created to unite countries together to discuss peace and political matters.United Nations
78%
KThe first major conflict of the Cold War.Korean War
76%
EName given to the Soviet Union and its communist controlled states in Eastern Europe.Eastern Bloc
73%
GPolicy introduced by Gorbachev that allowed for more openness in the Soviet government.Glasnost
71%
HA powerful form of nuclear technology that developed during the Arms Race.Hydrogen bomb
71%
JHe is famous for the Bay of Pigs invasion and the Cuban missile crisis.JFK
69%
YThe first man to orbit the Earth in the spacecraft Vostok I.Yuri Gagarin
69%
DA softening or easing of relations between the United States and the Soviet Union.Detente
63%
PA liberal reform movement in socialist Czechoslovakia in 1968.Prague Spring
55%
SUnited States and the Soviet Union agreed to limit the number of nuclear weapons they made.SALT
33%
TA financial, political and military effort to stop the spread of communism.Truman Doctrine
33%
LA campaign to investigate and purge suspected homosexuals from the US government during the 1950s.Lavender Scare
10%
XAnother term for the "Long Telegram".X Article
6%
ZGeneral Secretary of the Communist Party of Greece (KKE) from 1931 to 1956.Zachariadis
6%
OThe first test of a British atomic device.Operation Hurricane
4%

Score Distribution

Percentile by Number Answered

Percent of People with Each Score

Your Score History

You have not taken this quiz